Personnages du Village du Son ( Naruto / Boruto ) - Statistiques

Statistiques générales
  • Ce quiz a été pris 65 fois
    61 depuis la dernière actualisation
  • Le résultat moyen est 8 sur 25
Statistiques - réponses
Par images Réponse % Correct
Jugo
98%
Kimimaro
94%
Orochimaru
79%
Tayuya
79%
Jirobo
75%
Kidomaru
65%
Guren
56%
Sakon Ukon
56%
Kin
54%
Dosu
52%
Zaku
48%
Mecha Naruto
33%
Yukimaru
17%
Log
13%
Genyumaru
4%
Kigiri
4%
Gozu
2%
Jigumo
2%
Kiho
2%
Kotohime
2%
Nuari
2%
Rinji
2%
Amachi
0%
Arashi
0%
Kamakiri
0%
Aucun quiz correspondant
Distribution des résultats
% des personnes avec chaque résultat
Percentile par nombre de réponses
Votre historique - résultats
Vous n’avez pas pris ce quiz depuis la dernière actualisation